000 00349nam a22001457a 4500
003 OSt
005 20220207142537.0
008 220207b |||||||| |||| 00| 0 eng d
020 _a8122410413
040 _cH U
082 _a621.8
100 _aRao J. S.
_928565
245 _aThe Theory Of Machines Through Soiled Problems
942 _2ddc
_cBOOKS
_n0
999 _c29381
_d29381